10 Most Famous Cities in South Sudan on a Map - Statistics

General Stats
  • This quiz has been taken 78 times
  • The average score is 4 of 11
Answers on the Map
Answers color-coded by a green-red scale on the quiz's map according to % correct below.
 
Answer Stats
Wiki Monthly Views Cityquiz Mention Rate Population Answers % Correct
27.98K 30.39% 230.19K Juba
100%
3.74K 3.19% 118.33K Wau
62%
2.32K 1.24% 114.53K Malakal
44%
1.13K 0.69% 69.72K Yei
38%
7.30K - 20.00K Abyei
34%
1.59K 0.71% 25.19K Bor
32%
0.94K 0.34% 59.22K Aweil
28%
1.04K 0.29% 19.40K Rumbek
28%
2.06K 0.15% 7.71K Kodok
20%
0.94K 0.16% 41.33K Bentiu
18%
1.24K - 16.00K Kafia Kingi
16%
No matching quizzes found
Score Distribution
Percent of People with Each Score
Percentile by Number Answered
Your Score History
You have not taken this quiz